Bohaty, Familie
| Titel: | Bohaty, Familie |
|---|---|
| Verfasser: | |
| In: |
Saur Allgemeines Künstlerlexikon ; 12. Bobrov - Bordac̆ev, (1996), Seite 280 alle Artikel anzeigen |
| Veröffentlicht: | 1996 |
| Format: | Aufsatz |
| Sprache: | Deutsch |
X
alg: 39158815 001A $01999:11-11-16 001B $01999:15-05-21 $t21:00:08.000 001D $01999:11-11-16 001U $0utf8 001X $00 002@ $0Aox 003@ $039158815X 007A $039158815X $aHEB 007T $0Herd07642 010@ $ager 011@ $a1996 021A $aBohaty, Familie 028A $aSchubarth $dBirgit 031A $h280 $j1996 039B $aIn $8--Afu--. Saur Allgemeines Künstlerlexikon ; 12. Bobrov - Bordac̆ev. - München : Saur, 1996. - XIV, 680 Seiten. - ISBN 3-598-22752-3 $x199600000000000720 $9045721734 045F $a929.094371 $eDDC23BSB 045F/01 $a929 045F/03 $g4371 lok: 39158815 78 exp: 39158815 78 1 #EPN 201B/01 $026-11-17 $t23:32:38.000 201U/01 $0utf8 203@/01 $0787682470 208@/01 $a11-11-16 $be 209A/01 $a/ $f000 $x00 220C/01 $aTitelaufnehmer: jk 244Z/01 $#Tschechien $#Tschechische Republik $#Tschechische Republik $#Tschechenland $#Tschechei Tschechien $#Česká Republika $#Czech Republic $#ČR $74303381-7 $8--Tg1--Tschechien $x01 $9086659812 244Z/01 $2Trx $#Böhmen $#Bohemia $#Czechy $8--Trx--Čechy $x02 $9391188941 244Z/01 $#Carlsbad $#Karlovy Vary $74029705-6 $8--Tg1--Karlsbad $x03 $9085078506 244Z/01 $aGeschichte 1764-1798- $x04 244Z/01 $2Trx $8--Trx--$PBohaty$lFamilie $x05 $9390605891 244Z/01 $2Trx $#tinavalajad $#alavo liejikai $#tin-producers $#ón gyártó $#konwisarze cyna $#zlievači cínu $#cínaři $8--Trx--Zinngießer $x06 $9391382039 244Z/01 $2Trx $8--Trx--Einzelbeiträge $x07 $9391384570 245Z/01 $a12.02 $x01 247C/01 $82080>Marburg/Lahn, Herder-Institut, Forschungsbibliothek, Bibliographieportal $9336309341
| LEADER | 00000caa a22000002c 4500 | ||
|---|---|---|---|
| 001 | 39158815X | ||
| 003 | DE-603 | ||
| 005 | 20210515210008.0 | ||
| 007 | tu | ||
| 008 | 161111s1996 xx |||| | u00||u|ger c | ||
| 035 | |a (DE-599)HEB39158815X | ||
| 040 | |a DE-603 |b ger |c DE-603 |d DE-603 | ||
| 041 | |a ger | ||
| 082 | 0 | 4 | |8 1\u |a 929.094371 |q DE-101 |2 23/BSB |
| 085 | |8 1\u |b 929 | ||
| 085 | |8 1\u |z 2 |s 4371 | ||
| 100 | 1 | |a Schubarth, Birgit | |
| 245 | 0 | 0 | |a Bohaty, Familie |
| 264 | 0 | |c 1996 | |
| 773 | 0 | 8 | |i In |t Saur Allgemeines Künstlerlexikon ; 12. Bobrov - Bordac̆ev |d München : Saur, 1996 |h XIV, 680 Seiten |z 3598227523 |g (1996), Seite 280 |w (DE-603)045721734 |
| 924 | 0 | |9 2080 |a (DE-603)787682470 |b DE-2080 |c HES |d d |g / | |


